Perintis psikologi

Bibliographic Details
Main Author: Fancher, Raymond E
Format: Book
Published: Kuala Lumpur : DBP , 1994
Subjects:

MARC

LEADER 00000cam a2200000 7i4500
001 0000007520
002 000008080
005 20000330.0
020 |a 9836242376 
090 0 0 |a 160.922   |b FAN 
100 1 |a Fancher, Raymond E 
245 1 0 |a Perintis psikologi   |c Raymond E.Fancher 
260 |a Kuala Lumpur :   |b DBP ,   |c 1994 
300 |a 457p. ;   |c 18cm. 
650 0 0 |a Psychology 
999 |a 051902   |b BUKU   |c PINJAMAN   |e PERPUSTAKAAN KOMUNITI PETALING JAYA 
999 |a 054108   |b BUKU   |c PINJAMAN   |e PERPUSTAKAAN KOMUNITI CAW KOTA DAMANSARA